zpět

Detail výsledku týmu

Pardubický Pub PO, Pardubice

Datum a čas kvízu

26.5 Celkem bodů Celkový počet nahraných bodů na tomto kvízu bez doplňovacích otázek.
6. Pořadí na kvízu Konečné umístění týmu na tomto kvízu.

Zaznamenané odpovědi

# Otázka Odpověď Body Výsledky
1. Minulý týden prezident podepsa... atentát na Heydricha, odchod okupačních vojsk 0
2. V Saúdské Arábii byla ve střed... havarijní pojištění 0
3. Na streamovací platformě Netfl... Barack Obama 1
4. Vítězem prestižních anket Svět... Hyundai Ioniq (5) 0
5. Bývalá světová tenisová jednič... Kim Clijstersová 1
6. V dalším díle této tematické s... šáchor 0
7. Tato dvě africká zvířátka jsou... včel 0
8. Tato kočkovitá šelma střední... karakal 0
9. Tato rostlina je významná hlav... kadidlo 0
10. Africké národní parky patří k... A) v Tanzánii 1